Genshin: Sammelbares - Mondstadt - Statistiken

Allgemein
  • Dieses Quiz wurde 8 mal gespielt
  • Das Durchschnittsergebnis liegt bei 3 aus 8
Antwortstatistiken
Bildquiz Antwort % Korrekt
Wasserlilie
80%
Löwenzahnsamen
60%
Valbeere
60%
Wolfshaken
60%
Windmühlenaster
40%
Cecilia
20%
Philanemo-Pilz
20%
Lampenkraut
0%
Keine übereinstimmenden Quizze gefunden
Verteilung der Resultate
Anzahl Personen mit jedem Resultat
Perzentil nach korrekt beantworteten Fragen
Ihre Resultats-Entwicklung
Sie haben dieses Quiz noch nicht gespielt